|
|
|
|
| LEADER |
02169nam a2200481 i 4500 |
| 001 |
EBC5219048 |
| 003 |
MiAaPQ |
| 005 |
20200520144314.0 |
| 006 |
m o d | |
| 007 |
cr cnu|||||||| |
| 008 |
180212t20172001enkab o 001 0 eng d |
| 020 |
|
|
|z 9780765800183
|
| 020 |
|
|
|a 9781351326872 (e-book)
|
| 035 |
|
|
|a (MiAaPQ)EBC5219048
|
| 035 |
|
|
|a (Au-PeEL)EBL5219048
|
| 035 |
|
|
|a (CaPaEBR)ebr11498862
|
| 035 |
|
|
|a (OCoLC)1020029661
|
| 040 |
|
|
|a MiAaPQ
|b eng
|e rda
|e pn
|c MiAaPQ
|d MiAaPQ
|
| 043 |
|
|
|a d------
|
| 050 |
|
4 |
|a HD1702
|b .I586 2017
|
| 082 |
0 |
|
|a 333.910091724
|2 21
|
| 245 |
0 |
0 |
|a Involuntary resettlement :
|b comparative perspectives /
|c Robert Picciotto, Warren van Wicklin, and Edward Rice, editors.
|
| 264 |
|
1 |
|a London, [England] ;
|a New York, New York :
|b Routledge,
|c 2017.
|
| 264 |
|
4 |
|c 2001
|
| 300 |
|
|
|a 1 online resource (163 pages) :
|b illustrations, maps, tables.
|
| 336 |
|
|
|a text
|2 rdacontent
|
| 337 |
|
|
|a computer
|2 rdamedia
|
| 338 |
|
|
|a online resource
|2 rdacarrier
|
| 490 |
1 |
|
|a World Bank Series on Evaluation and Development ;
|v Volume 2
|
| 500 |
|
|
|a Includes index.
|
| 588 |
|
|
|a Description based on print version record.
|
| 590 |
|
|
|a Electronic reproduction. Ann Arbor, MI : ProQuest, 2018. Available via World Wide Web. Access may be limited to ProQuest affiliated libraries.
|
| 650 |
|
0 |
|a Water resources development
|z Developing countries
|v Case studies.
|
| 650 |
|
0 |
|a Land settlement
|z Developing countries
|v Case studies.
|
| 650 |
|
0 |
|a Forced migration
|z Developing countries
|v Case studies.
|
| 655 |
|
4 |
|a Electronic books.
|
| 700 |
1 |
|
|a Picciotto, Robert,
|e editor.
|
| 700 |
1 |
|
|a Wicklin, Warren van,
|e editor.
|
| 700 |
1 |
|
|a Rice, Edward,
|e editor.
|
| 776 |
0 |
8 |
|i Print version:
|t Involuntary resettlement : comparative perspectives.
|d London, [England] ; New York, New York : Routledge, 2017, c2001
|h xiv, 146 pages
|k World Bank series on evaluation and development ; Volume 2.
|z 9780765800183
|w 99087303
|
| 797 |
2 |
|
|a ProQuest (Firm)
|
| 830 |
|
0 |
|a World Bank series on evaluation and development ;
|v Volume 2.
|
| 856 |
4 |
0 |
|u https://ebookcentral.proquest.com/lib/matrademy/detail.action?docID=5219048
|z Click to View
|